| 000 | 00668nam a22002172 4500 | ||
|---|---|---|---|
| 001 | 0000005320 | ||
| 005 | 20151217145824.0 | ||
| 008 | 070611s xx 000 0 eng d | ||
| 020 |
_a058231271X : _cKES 1,890 |
||
| 040 |
_aKABU _cKABU |
||
| 050 | 0 |
_aTX911.3 _b.M27K56 1998 |
|
| 100 | 1 |
_aKnowles, Tim. _@0000156548 |
|
| 245 | 1 | 0 |
_aHospitality management : _ban introduction / _cTim Knowles. |
| 250 | _a2nd ed. | ||
| 260 |
_aEssex : _bLongman, _c1998. |
||
| 300 |
_axii, 310 p. ; _c25 cm. |
||
| 650 | 0 |
_aHospitality industry _zGreat Britain _xManagement. _@0000156549 |
|
| 908 | _a070611 | ||
| 950 | _@1 | ||
| 999 |
_c2946 _d2946 |
||